000 00359 a2200157 4500
001 156424
020 _a97885472001490
040 _cEscola São Tomás de Aquino
100 _aPAULA, Marcelo Moraes
240 1 0 _aJornadas.geo
_lpor
245 1 0 _aJornadas.geo
300 _a320
362 0 _a2016
697 _aGeografia – Estudo e ensino
942 _cBK
999 _c156424
_d156424